000 00871nam a2200265 i 4500
001 36755
003 ES-MaACL
005 20250825062627.0
007 t|
008 030219s1973 sp a |||| | spa d
020 _a84-325-0453-X
080 _a860-93(082.2)
245 0 0 _aAntología de la literatura infantil española /
_cCarmen Bravo-Villasante.
260 _aMadrid :
_bDoncel,
_c[1973]
300 _a3 v. :
_bil. ;
_c18 cm.
490 1 _aLibro joven de bolsillo ;
_v42-44
650 4 _aLiteratura infantil española.
_9163780
650 4 _aLiteratura-
_vLibros infantiles.
_9163779
655 7 _aLibros infantiles
_2tgfbne
_9226786
700 1 _aBravo-Villasante, Carmen,
_d1918-1994
_931507
830 1 _aLibro joven de bolsillo ;
_v42-44
_9181662
852 4 _aES-MaACL
_jA-6169-70
_p(v. 2-3)
852 4 _aES-MaACL
_jC-53715-17
999 _c36755
_d36755